000
00292nam a22001337a 4500
008
170802b xxu||||| |||| 00| 0 eng d
020
_a
668034246
041
_a
eng
080
_a
004
100
_a
32
101
_a
SHK
245
_a
HOW A COMPUTER SYSTEM WORKS
_c
BROWN,J,A
942
_2
udc
_c
BK
999
_c
22525
_d
22525